00469nam a2200181 a 4500001001300000003000900013005001700022008004100039020001000080082001600090100002500106245003200131260004100163300000800204500003500212650001500247700002500262nice12345678IN_TiNIC20260116012751.0070709s1975 qada grp 000 0 eng  ac10000a297.86bRAJ aRajeke, Barkat Ahmed aAhmediyya Movement in India aQadianbSadr Anjuman Ahmadiyyac1975 a79p aincludes index and biblioraphy aAhmadiyyah1 aRajeke, Barkat Ahmed